Last Man Standing Characters - Statistics

General Stats
  • This quiz has been taken 132 times
  • The average score is 10 of 12
Answer Stats
Hint Answer % Correct
Father of the Baxters Mike Baxter
95%
Youngest daughter Eve
92%
Middle daughter Mandy
92%
Son of oldest daughter Boyd
90%
Mother of the Baxters Vanessa Baxter
90%
Owner of Outdoor Man Ed Alzate
88%
Boyfriend of middle daughter who works at Outdoor Man Kyle
88%
^His father Ryan
81%
Oldest daughter Kristen
73%
Baxter's neighbor who is retired US Marine Chuck Larabee
69%
Mr. Baxter's father Bud
64%
^His wife and Mrs. Baxter's friend Carol Larabee
64%
No matching quizzes found
Score Distribution
Percent of People with Each Score
Percentile by Number Answered
Your Score History
You have not taken this quiz